000 00324nam a2200109Ia 4500
008 190216s9999||||xx |||||||||||||| ||und||
100 _aSanyasaiah K&Amp;Ranganathachari
245 0 _aMoney Banking And International Trade And Public Finance
260 _bMcgraw-Hill International Edition
_c1971
300 _a772p
942 _cBK
999 _c3980
_d3980